| 000 | 00713nam a2200265 4500 | ||
|---|---|---|---|
| 001 | 2014 | ||
| 010 | _a9789895703708 | ||
| 021 |
_aPT _b542378/25 |
||
| 090 | _a2014 | ||
| 100 | _a20251212d2025 m||y0pory50030103ba | ||
| 101 | _apor | ||
| 102 | _aPT | ||
| 200 |
_aO acidente _fFreida McFadden _gtrad. Carla Ribeiro |
||
| 205 | _a1ª edição | ||
| 210 |
_a[S.l.] _cAlma dos Livros _d24 cm |
||
| 215 |
_a326 p. _d24 cm |
||
| 300 | _aBMB-Registado | ||
| 304 | _aTít. orig.: The crash | ||
| 606 |
_9795 _aLiteratura Americana |
||
| 606 |
_9778 _aRomance Policial |
||
| 675 |
_a821.111(73)-312.4 _vBMB _zpor |
||
| 700 |
_aMcFadden _bFreida _91865 |
||
| 702 |
_aRibeiro _bCarla _4730 _91189 |
||
| 801 |
_aPT _bBMB _gRPC |
||
| 990 | _cLIVROS | ||